Aviation quiz (2) - Statistics

General Stats
  • This quiz has been taken 129 times
  • The average score is 3 of 7
Answer Stats
Hint Answer % Correct
World biggest aircraft An-225
82%
It have 22 wheels for take off and landing A380
81%
It have a winglet and four engines B747
47%
It have three engines, it's made by Boeing B727
43%
The plane's initial customer is All Nippon Airways B787
32%
It have 24 wheels for take off and landing An-124
16%
It is the new varieties of Airbus Skylink Airbus Beluga
5%
No matching quizzes found
Score Distribution
Percent of People with Each Score
Percentile by Number Answered
Your Score History
You have not taken this quiz